| 000 | 00569nam a2200193 i 4500 | ||
|---|---|---|---|
| 001 | 50898 | ||
| 003 | ES-MaACL | ||
| 005 | 20230906162246.0 | ||
| 007 | t| | ||
| 008 | 030807q19501959sp ||||1| spa d | ||
| 245 | 0 | 0 |
_aCuentos contemporáneos / _cprólogo y notas de José Luis Martínez Redondo. |
| 260 |
_aMadrid : _bEnsayos, _c[195-?] |
||
| 300 |
_a60 p. : _bil. ; _c17 cm. |
||
| 490 | 1 |
_aGalatea ; _v2 |
|
| 700 | 1 |
_aMartínez Redondo, José Luis. _978348 |
|
| 830 | 0 |
_aGalatea ; _v2 _9184628 |
|
| 852 |
_aES-MaACL _j1945-F-14 _bR.32125 |
||
| 999 |
_c50898 _d50898 |
||